Qualitative approaches in social and geographical research

Αποθηκεύτηκε σε:
Λεπτομέρειες βιβλιογραφικής εγγραφής
Άλλοι συγγραφείς: Eyles, John (Επιμελητής έκδοσης)
Μορφή: Βιβλίο
Γλώσσα:English
Δημοσίευση: London : Department of Geography and Earth Science, Queen Mary Colledge, University of London, 1986
Σειρά:Occasional paper (Queen Mary College (University of London). Dept. of Geography and Earth Science) ; 26
Θέματα:
Ετικέτες: Προσθήκη ετικέτας
Δεν υπάρχουν, Καταχωρήστε ετικέτα πρώτοι!

MARC

LEADER 00000nam a2200000 i 4500
001 1/72332
008 990316s1986 eng d
020 |a 0-904791-31-9 
035 |l 10048539 
040 |a GR-MY-UA  |b gre  |e aacr 
041 0 |a eng 
082 0 |a 300.72 
245 1 0 |a Qualitative approaches in social and geographical research /  |c John Eyles (editor) 
260 |a London :   |b Department of Geography and Earth Science, Queen Mary Colledge, University of London,   |c 1986 
300 |a 83 p. 
490 1 |a Occasional paper  |v ; 26 
504 |a Includes bibliographies 
650 0 0 |a Sociology  |x Research. 
650 0 0 |a Social sciences  |x Research. 
700 1 |a Eyles, John.  |4 edt 
830 0 |a Occasional paper (Queen Mary College (University of London). Dept. of Geography and Earth Science)  |v ; 26 
852 |a INST  |b LESVOS  |e 19990316  |h 300.72 QUA  |p 005100016938  |q 005100016938  |t BK  |y 0 
901 |a BIBL-1999-1 
909 |a Λ  |b 061709 
922 |a 1ΕΛΗ  |b 199812  |c ΚΠΣ/ΤΓ  |d ΠΑΠΑΣΩΤΗΡΙΟΥ 
950 |a 118-1998-07-21